Načítá se...
Measure & Probability
| Hlavní autor: | |
|---|---|
| Další autoři: | |
| Médium: | Printed Book |
| Vydáno: |
2008
Uni.Press
2008
|
| LEADER | 00428nam a22001457a 4500 | ||
|---|---|---|---|
| 020 | |a 8173716137 | ||
| 082 | |a 519.2 |b ATH/ME | ||
| 100 | |a Athreya,SR | ||
| 245 | |a Measure & Probability | ||
| 260 | |a 2008 |b Uni.Press |c 2008 | ||
| 300 | |a 221p. | ||
| 700 | |a Sunder,VS | ||
| 942 | |c BK | ||
| 999 | |c 9625 |d 9625 | ||
| 952 | |0 0 |1 0 |4 0 |6 519_200000000000000_ATH_ME |7 0 |8 NFIC |9 12520 |a KUFOS |b KUFOS |c GEN |d 2016-07-20 |o 519.2 ATH/ME |p 14689 |r 2016-07-20 |w 2016-07-20 |y BK | ||